The Task is not Easy, but Manageable ...

Titel: The Task is not Easy, but Manageable ...
Verfasser:
In: East central Europe, Band 28, Heft 1 (2001), Seite 167-175
alle Artikel anzeigen
Veröffentlicht: 2001
Format: Aufsatz
Sprache: Englisch
Kein Bild verfügbar
X
alg: 39504280
001A    $01999:12-11-16 
001B    $01999:04-08-21 $t21:02:57.000 
001C    $06050:19-11-16 $t08:42:08.000 
001D    $01999:12-11-16 
001U    $0utf8 
001X    $00 
002@    $0Aox 
003@    $0395042801 
007A    $0395042801 $aHEB 
007T    $0Herd39234 
010@    $aeng 
011@    $a2001 
021A    $aThe @Task is not Easy, but Manageable ... 
028A    $aKondova $dGalia 
031A    $d28 $e1 $h167-175 $j2001 
039B    $aIn $8--Abvc--. East central Europe. - Leiden : Brill, 1974-. - ISSN 0094-3037 $x200100000280001833 $9047226099 
039T    $8--Aau--. Capital markets in Central and Eastern Europe. - Cheltenham {[u.a.] : Elgar, 1999. - XIX, 477 S.. - ISBN 1-85898-498-X $9084976349 
045F    $a900.9437 $eDDC23BSB 
045F/01 $a900 
045F/03 $g437 
045T    $a7,41 

lok: 39504280 78

exp: 39504280 78 1 #EPN
201B/01 $018-11-16 $t13:34:16.000 
201U/01 $0utf8 
203@/01 $0791341410 
208@/01 $a12-11-16 $be 
209A/01 $a/ $f000 $x00 
220C/01 $aTitelaufnehmer: cs 
244Z/01 $2Trx $#Kesk- ja Ida- Euroopa kontseptsioonid $#Vidurio Europos koncepcijos $#East-Central Europe $#Keletközépeurópa-eszmék $#Europa Środkowo-Wschodnia koncepcje $#Európa stredovýchodná koncepcie $#Evropa střední, východní část koncepce $#Mitteleuropa $#Osteuropakonzeptionen $#Europa Środkowa koncepcje $#Stredná Európa koncepcie $#Střední Europa koncepce $8--Trx--Ostmitteleuropakonzeptionen $x01 $9391364286 
244Z/01 $2Trx $#arvustused $#recenzijos $#Reviews $#recenziók $#recenzje $#recenzie $#recenze $8--Trx--Rezensionen $x02 $9391357441 
247C/01 $82080>Marburg/Lahn, Herder-Institut, Forschungsbibliothek, Bibliographieportal $9336309341
LEADER 00000caa a22000002c 4500
001 395042801
003 DE-603
005 20210804210257.0
007 tu
008 161112s2001 xx |||| | u00||u|eng c
035 |a (DE-599)HEB395042801 
040 |a DE-603  |b ger  |c DE-603  |d DE-603 
041 |a eng 
082 0 4 |8 1\u  |a 900.9437  |q DE-101  |2 23/BSB 
084 |a 7,41  |2 ssgn 
085 |8 1\u  |b 900 
085 |8 1\u  |z 2  |s 437 
100 1 |a Kondova, Galia 
245 0 0 |a ˜Theœ Task is not Easy, but Manageable ... 
264 0 |c 2001 
773 0 8 |i In  |t East central Europe  |d Leiden : Brill, 1974-  |h 24 cm  |x 0094-3037  |g Band 28, Heft 1 (2001), Seite 167-175  |w (DE-603)047226099  |w (DE-600)190826-1 
787 0 8 |i Rezension von  |t Capital markets in Central and Eastern Europe  |d Cheltenham ˜[u.a.] œ: Elgar, 1999  |h XIX, 477 S.  |z 185898498X  |w (DE-603)084976349 
924 0 |9 2080  |a (DE-603)791341410  |b DE-2080  |c HES  |d d  |g /